[Event "Aut_2.Bundesliga_Ost_2004/05"]
[Site "?"]
[Date "2005.02.26"]
[Round "8.2"]
[White "Schwab, Rene"]
[Black "Herbst, Daniel"]
[Result "1/2-1/2"]
[WhiteElo "2268"]
[BlackElo "2209"]
[PlyCount "173"]
[EventDate "2004.10.09"]

1. e4 c5 2. Nf3 d6 3. Bb5+ Bd7 4. a4 Nf6 5. Nc3 e6 6. O-O Be7 7. e5 dxe5 8.
Nxe5 a6 9. Nxd7 Nbxd7 10. Be2 Ne5 11. d3 Nc6 12. Re1 Qc7 13. Be3 O-O 14. Ne4
Nd4 15. Nxf6+ Bxf6 16. Bg4 Be7 17. c3 Nc6 18. Qb3 Rad8 19. Rad1 Na5 20. Qa2 Rd7
21. g3 Rdd8 22. b3 Nc6 23. Be2 b5 24. d4 cxd4 25. cxd4 Nb4 26. Qb1 Qd7 27. axb5
axb5 28. Qe4 Qd5 29. Qxd5 Nxd5 30. Rc1 b4 31. Rc4 Rc8 32. Bf3 Nb6 33. Rxc8 Rxc8
34. Rc1 Rxc1+ 35. Bxc1 Nd5 36. Kf1 Nc3 37. Be3 Bf6 38. Ke1 Nd5 39. Bd2 Bxd4 40.
Bxd5 exd5 41. Bxb4 f6 42. Ke2 Kf7 43. f3 Ke6 44. Kd3 Bg1 45. h3 Kd7 46. Bf8 g6
47. Kc3 Kc6 48. Bg7 Bh2 49. Bxf6 Bxg3 50. Kd3 Bf4 51. Bc3 Kc5 52. Be1 Bg5 53.
Bf2+ Kb4 54. Kc2 Bf6 55. Bg3 Be7 56. Be1+ Kc5 57. Kd3 Bg5 58. Bc3 Bf4 59. Bg7
Kb4 60. Kc2 Bd6 61. Bf6 Bf8 62. Bc3+ Kc5 63. Kd3 Bh6 64. Be1 Bg5 65. b4+ Kb5
66. Kd4 Be7 67. Kxd5 Bxb4 68. Bxb4 Kxb4 69. Kd4 Kb3 70. h4 Kc2 71. f4 h5 72.
Ke4 Kc3 73. Ke5 Kd3 74. Kf6 Ke3 75. Ke5 Kd3 76. Kf6 Ke3 77. f5 gxf5 78. Kxf5
Kd4 79. Kg6 Ke5 80. Kxh5 Kf6 81. Kh6 Kf7 82. Kh7 Kf8 83. h5 Kf7 84. h6 Kf8 85.
Kg6 Kg8 86. h7+ Kh8 87. Kh6 1/2-1/2

[Event "Aut_2.Bundesliga_Ost_2004/05"]
[Site "?"]
[Date "2005.02.26"]
[Round "8.3"]
[White "Markos, Jan"]
[Black "Loeffler, Stefan"]
[Result "1-0"]
[WhiteElo "2454"]
[BlackElo "2432"]
[PlyCount "67"]
[EventDate "2004.10.09"]

1. d4 d5 2. c4 e6 3. Nf3 dxc4 4. e4 b5 5. a4 c6 6. b3 Bb4+ 7. Bd2 Bxd2+ 8. Qxd2
Nf6 9. e5 Ne4 10. Qc2 Ng5 11. Nxg5 Qxg5 12. bxc4 bxc4 13. Nd2 O-O 14. Ne4 Qf5
15. Ra3 c5 16. Rf3 Qh5 17. Be2 Nd7 18. Rf6 Qh4 19. g3 Qh3 20. Ng5 gxf6 21. Nxh3
cxd4 22. exf6 Nxf6 23. Qd2 Ne4 24. Qxd4 Bb7 25. f3 Rfd8 26. Qe3 Nd6 27. O-O
Rac8 28. Qg5+ Kf8 29. Rc1 Ke8 30. Nf4 Bc6 31. Nh5 Bd5 32. Nf6+ Kf8 33. Nxh7+
Ke8 34. Ra1 1-0

[Event "Aut_2.Bundesliga_Ost_2004/05"]
[Site "?"]
[Date "2005.02.26"]
[Round "8.3"]
[White "Miniboeck, Guenter"]
[Black "Lipka, Juraj"]
[Result "1-0"]
[WhiteElo "2345"]
[BlackElo "2387"]
[PlyCount "65"]
[EventDate "2004.10.09"]

1. d4 d5 2. c4 c6 3. Nf3 Nf6 4. Nc3 e6 5. e3 a6 6. b3 Bb4 7. Bd2 Bd6 8. Bd3 c5
9. Qe2 O-O 10. dxc5 Bxc5 11. e4 dxe4 12. Nxe4 Nxe4 13. Qxe4 f5 14. Qe2 e5 15.
Nxe5 Re8 16. f4 Qd4 17. Rc1 Nc6 18. Kd1 Nb4 19. Bb1 Be6 20. a3 Rad8 21. axb4
Bxb4 22. Bd3 Bf7 23. Bxb4 Bh5 24. Qxh5 Rxe5 25. fxe5 Qxd3+ 26. Ke1 Qe3+ 27. Kf1
Qxc1+ 28. Be1 g6 29. Qe2 Rd4 30. g3 Qb1 31. b4 Re4 32. Qd2 Rxc4 33. Qd5+ 1-0

[Event "Aut_2.Bundesliga_Ost_2004/05"]
[Site "?"]
[Date "2005.02.26"]
[Round "8.3"]
[White "Alvir, Aco"]
[Black "Bandy, Attila"]
[Result "1/2-1/2"]
[WhiteElo "2381"]
[BlackElo "2293"]
[PlyCount "95"]
[EventDate "2004.10.09"]

1. e4 d5 2. exd5 Qxd5 3. Nc3 Qa5 4. d4 c6 5. Bc4 Nf6 6. Nf3 Bg4 7. Qd3 e6 8.
Ne5 Bf5 9. Qe2 Nbd7 10. Nxd7 Nxd7 11. Bd2 Qc7 12. d5 cxd5 13. Nxd5 Qc6 14. Ba5
Rc8 15. Ne3 a6 16. Rd1 Be4 17. Bd3 Be7 18. O-O Bxd3 19. Qxd3 Ne5 20. Qe2 O-O
21. Bc3 Ng6 22. g3 Rfd8 23. h4 Qe4 24. Rxd8+ Rxd8 25. Rd1 h6 26. Rxd8+ Bxd8 27.
b3 Bb6 28. Qc4 Qf3 29. Bd4 Bxd4 30. Qxd4 f5 31. Qc4 Kf7 32. Qc7+ Kg8 33. Qb8+
Kf7 34. h5 Qxh5 35. Qxb7+ Kf6 36. Qb6 Qe2 37. Qd8+ Kf7 38. Nc4 Ne5 39. Nxe5+
Qxe5 40. Qd7+ Kf6 41. Qd8+ Kf7 42. Qd1 Qc3 43. Kg2 g5 44. a4 g4 45. Qd7+ Kf6
46. Qd8+ Kf7 47. Qd7+ Kf6 48. Qd8+ 1/2-1/2

[Event "Aut_2.Bundesliga_Ost_2004/05"]
[Site "?"]
[Date "2005.02.26"]
[Round "8.3"]
[White "Brandner, Stefan"]
[Black "Smolen, Jan"]
[Result "1-0"]
[WhiteElo "2316"]
[BlackElo "2334"]
[PlyCount "71"]
[EventDate "2004.10.09"]

1. e4 c5 2. d3 Nc6 3. g3 d5 4. exd5 Qxd5 5. Nf3 Bg4 6. Bg2 Qe6+ 7. Be3 Nd4 8.
Nbd2 Nf5 9. Nc4 Nxe3 10. fxe3 f6 11. a4 Nh6 12. h3 Bf5 13. Nh4 Rb8 14. Qf3 Qd7
15. Qf4 Qc8 16. Nxf5 Nxf5 17. O-O g6 18. g4 Bh6 19. Qf2 Ng7 20. Qh4 Bg5 21. Qg3
O-O 22. h4 Bh6 23. Rf2 Qd7 24. Raf1 Ne6 25. g5 Bg7 26. Bh3 f5 27. h5 Qxa4 28.
hxg6 hxg6 29. Ne5 Bxe5 30. Qxe5 Nxg5 31. Bxf5 Qc6 32. Rh2 gxf5 33. Rh8+ Kf7 34.
Rxf5+ Qf6 35. Rxf6+ exf6 36. Qxb8 1-0

[Event "Aut_2.Bundesliga_Ost_2004/05"]
[Site "?"]
[Date "2005.02.26"]
[Round "8.3"]
[White "Kuthan, Andreas"]
[Black "Sulyok, Michael"]
[Result "1/2-1/2"]
[WhiteElo "2235"]
[BlackElo "2205"]
[PlyCount "25"]
[EventDate "2004.10.09"]

1. e4 g6 2. d4 Bg7 3. Nc3 d6 4. Be3 a6 5. Qd2 Nd7 6. h4 h5 7. O-O-O b5 8. f3
Bb7 9. Nh3 c6 10. Ng5 Qc7 11. Kb1 Ngf6 12. Qe1 e5 13. dxe5 1/2-1/2

[Event "Aut_2.Bundesliga_Ost_2004/05"]
[Site "?"]
[Date "2005.02.26"]
[Round "8.3"]
[White "Herndlbauer, Martin"]
[Black "Froschauer, Hans"]
[Result "1-0"]
[WhiteElo "2132"]
[BlackElo "2122"]
[PlyCount "81"]
[EventDate "2004.10.09"]

1. e4 c5 2. Nf3 Nc6 3. d4 cxd4 4. Nxd4 Nf6 5. Nc3 e5 6. Ndb5 d6 7. Bg5 a6 8.
Na3 b5 9. Bxf6 gxf6 10. Nd5 f5 11. c3 fxe4 12. Bxb5 Bd7 13. Qa4 Rc8 14. Qxa6
Nb8 15. Qb7 Bg7 16. Nc4 O-O 17. Nxd6 Rc5 18. Bxd7 Nxd7 19. Nxe4 Qh4 20. Ne7+
Kh8 21. O-O Rb8 22. Qxd7 Qxe4 23. Rfe1 Qc4 24. Nf5 Rc7 25. Qd6 f6 26. Nxg7 Kxg7
27. Re4 Qf7 28. Rg4+ Kh8 29. Rd1 h5 30. Rb4 Rg8 31. g3 Ra7 32. a3 Qg6 33. Rb8
Rag7 34. Rxg8+ Rxg8 35. h4 Qf5 36. Rd2 Qf3 37. Kh2 Qf5 38. c4 Rg7 39. c5 e4 40.
c6 e3 41. fxe3 1-0

[Event "Aut_2.Bundesliga_Ost_2004/05"]
[Site "?"]
[Date "2005.02.26"]
[Round "8.4"]
[White "Videki, Sandor"]
[Black "Lau, Ralf"]
[Result "1/2-1/2"]
[WhiteElo "2414"]
[BlackElo "2481"]
[PlyCount "22"]
[EventDate "2004.10.09"]

1. e4 g6 2. d4 Bg7 3. Nc3 d6 4. Nf3 a6 5. a4 Bg4 6. Be2 Nc6 7. Be3 e5 8. dxe5
dxe5 9. O-O Nf6 10. Qxd8+ Rxd8 11. Rfd1 O-O 1/2-1/2

[Event "Aut_2.Bundesliga_Ost_2004/05"]
[Site "?"]
[Date "2005.02.26"]
[Round "8.4"]
[White "Srienz, Christian"]
[Black "Neumeier, Klaus"]
[Result "1/2-1/2"]
[WhiteElo "2285"]
[BlackElo "2304"]
[PlyCount "23"]
[EventDate "2004.10.09"]

1. a3 d6 2. e4 e5 3. Bc4 Nf6 4. d3 Be7 5. Ne2 O-O 6. O-O c6 7. Ba2 d5 8. Nd2 a5
9. Kh1 Na6 10. exd5 cxd5 11. d4 e4 12. c4 1/2-1/2

[Event "Aut_2.Bundesliga_Ost_2004/05"]
[Site "?"]
[Date "2005.02.26"]
[Round "8.4"]
[White "Weissenbeck, Manuel"]
[Black "Wukits, Rene"]
[Result "0-1"]
[WhiteElo "2254"]
[BlackElo "2265"]
[PlyCount "66"]
[EventDate "2004.10.09"]

1. d4 Nf6 2. Nf3 e6 3. Bg5 c5 4. Nc3 cxd4 5. Nxd4 a6 6. e4 Qc7 7. Qd2 b5 8. Bd3
Bb7 9. f3 Be7 10. O-O-O b4 11. Nce2 Qa5 12. Nb3 Qxa2 13. e5 a5 14. exf6 gxf6
15. Bb5 fxg5 16. Bxd7+ Kf8 17. Qd4 Rg8 18. Nc5 Bc6 19. Bxc6 Nxc6 20. Nd7+ Ke8
21. Qe4 Rc8 22. Qxh7 Rf8 23. Qd3 Rd8 24. Qb5 Qa1+ 25. Kd2 Na7 26. Qd3 Qa4 27.
Nxf8 Rxd3+ 28. cxd3 Kxf8 29. Ra1 Qb5 30. Rhc1 Nc6 31. Rc4 Ne5 32. Rc8+ Kg7 33.
d4 Nc4+ 0-1

[Event "Aut_2.Bundesliga_Ost_2004/05"]
[Site "?"]
[Date "2005.02.26"]
[Round "8.4"]
[White "Wallner, Alfred"]
[Black "Hechl, Gerald"]
[Result "1/2-1/2"]
[WhiteElo "2232"]
[BlackElo "2252"]
[PlyCount "100"]
[EventDate "2004.10.09"]

1. e4 c5 2. Nf3 e6 3. d4 cxd4 4. Nxd4 Bc5 5. Nb3 Bb6 6. Bd3 Ne7 7. O-O O-O 8.
Nc3 f5 9. Bg5 fxe4 10. Nxe4 d5 11. Ned2 h6 12. Bh4 e5 13. c4 Be6 14. cxd5 Bxd5
15. Nc4 Bc7 16. Ne3 Nbc6 17. Nxd5 Qxd5 18. Qc2 Qd8 19. Qc4+ Kh8 20. Qe4 g6 21.
Bxe7 Qxe7 22. Qxg6 Rf6 23. Qh5 Rg8 24. Rad1 Bb6 25. Nd2 Qf8 26. Ne4 Rf5 27. Qh3
Nd4 28. Kh1 Ne6 29. Ng3 Rf6 30. Nh5 Ng5 31. Qd7 Rd6 32. Qf5 Qxf5 33. Bxf5 Rxd1
34. Rxd1 Bxf2 35. Rd6 Nf7 36. Rf6 Rd8 37. g4 Nd6 38. Rxh6+ Kg8 39. Be6+ Kf8 40.
Rf6+ Ke7 41. Bb3 Bd4 42. Re6+ Kf8 43. Nf6 Bxb2 44. Nh7+ Kg7 45. Re7+ Kg6 46. h4
e4 47. Ng5 Rh8 48. Re6+ Bf6 49. h5+ Kxg5 50. Rxd6 Be5 1/2-1/2

[Event "Aut_2.Bundesliga_Ost_2004/05"]
[Site "?"]
[Date "2005.02.26"]
[Round "8.4"]
[White "Wanderer, Thomas"]
[Black "Ponjican, Erich"]
[Result "1-0"]
[WhiteElo "2206"]
[BlackElo "2135"]
[PlyCount "73"]
[EventDate "2004.10.09"]

1. e4 Nf6 2. e5 Nd5 3. c4 Nb6 4. d4 d6 5. exd6 exd6 6. Be3 Be7 7. Nc3 Nc6 8.
Bd3 Nb4 9. Bb1 d5 10. a3 Nc6 11. c5 Nc4 12. Bc1 Bf6 13. Nge2 Bg4 14. f3 Be6 15.
O-O Qd7 16. b3 N4a5 17. Be3 b6 18. b4 Nc4 19. Bf2 bxc5 20. bxc5 O-O 21. Bc2 Ne7
22. Re1 Rab8 23. Nf4 Bf5 24. Nh5 Bg5 25. f4 Bxc2 26. Qxc2 Rb2 27. Qd3 Bh6 28.
Rxe7 Qxe7 29. Nxd5 Qe6 30. Qxc4 Re8 31. Ne3 Qe4 32. Re1 Rxf2 33. Kxf2 Bxf4 34.
Nc2 Be3+ 35. Rxe3 Qf5+ 36. Kg1 Rb8 37. Ng3 1-0

[Event "Aut_2.Bundesliga_Ost_2004/05"]
[Site "?"]
[Date "2005.02.26"]
[Round "8.4"]
[White "Lenz, Alarich"]
[Black "Mayr, Thomas"]
[Result "1/2-1/2"]
[WhiteElo "2186"]
[BlackElo "2118"]
[PlyCount "25"]
[EventDate "2004.10.09"]

1. c4 c5 2. Nf3 Nf6 3. Nc3 d5 4. cxd5 Nxd5 5. d4 e6 6. e3 Be7 7. Bd3 Nc6 8. O-O
O-O 9. a3 b6 10. Re1 Bb7 11. Bc2 Nf6 12. Qd3 Qc8 13. dxc5 1/2-1/2

[Event "Aut_2.Bundesliga_Ost_2004/05"]
[Site "?"]
[Date "2005.02.26"]
[Round "8.5"]
[White "Jansa, Vlastimil"]
[Black "Sommerbauer, Norbert"]
[Result "0-1"]
[WhiteElo "2507"]
[BlackElo "2419"]
[PlyCount "146"]
[EventDate "2004.10.09"]

1. e4 c5 2. Nf3 e6 3. Nc3 Nc6 4. d4 cxd4 5. Nxd4 Qc7 6. Be2 a6 7. O-O Nf6 8.
Be3 Bb4 9. Na4 Be7 10. Nxc6 bxc6 11. Nb6 Rb8 12. Nxc8 Qxc8 13. e5 Nd5 14. Bc1
Bc5 15. c4 Ne7 16. b3 Qc7 17. Bb2 O-O 18. Qc2 Ng6 19. Bd3 d6 20. exd6 Bxd6 21.
g3 c5 22. Rfe1 Rfd8 23. Rad1 Rd7 24. Be4 Rbd8 25. Rd3 Be7 26. Red1 Bf6 27. Bxf6
gxf6 28. f4 f5 29. Bf3 Kf8 30. Kf2 Ke7 31. Ke2 Nf8 32. Qc3 Rxd3 33. Rxd3 Rxd3
34. Kxd3 Nd7 35. a3 a5 36. Kc2 Qb6 37. Bg2 Nf6 38. Bf3 Nd7 39. h3 Qc7 40. Qd2
Nf6 41. Qe3 h6 42. Kc3 Qd6 43. g4 fxg4 44. hxg4 Nd7 45. Qd2 Qxd2+ 46. Kxd2 f5
47. g5 hxg5 48. fxg5 Ne5 49. Bb7 Nf7 50. g6 Nd6 51. Bc6 Kf6 52. Kc3 Kxg6 53. b4
axb4+ 54. axb4 cxb4+ 55. Kxb4 Kf6 56. c5 Nc8 57. Kc4 Ne7 58. Bg2 Ke5 59. c6 Kd6
60. Kb5 e5 61. c7 Kxc7 62. Kc5 Kd7 63. Bf1 Ke6 64. Bc4+ Kf6 65. Bf1 Kg5 66. Kd6
Ng6 67. Kd5 Kf4 68. Ke6 e4 69. Kd6 Ne5 70. Ba6 Nf3 71. Kc5 Ke3 72. Kd5 f4 73.
Ke6 Nd2 0-1

[Event "Aut_2.Bundesliga_Ost_2004/05"]
[Site "?"]
[Date "2005.02.26"]
[Round "8.5"]
[White "Schweda, Roland"]
[Black "Pokorna, Regina"]
[Result "0-1"]
[WhiteElo "2410"]
[BlackElo "2370"]
[PlyCount "104"]
[EventDate "2004.10.09"]

1. d4 d5 2. Nf3 e6 3. e3 c5 4. dxc5 Bxc5 5. a3 Nc6 6. c4 Nf6 7. b4 Bd6 8. Bb2
O-O 9. Nc3 a6 10. cxd5 exd5 11. Be2 Bc7 12. Rc1 Re8 13. Na4 Ne4 14. O-O Bf5 15.
Nc5 Nxc5 16. Rxc5 Be4 17. Nd2 Qd6 18. g3 Bf5 19. Bf3 Be6 20. Nb3 Rad8 21. Nd4
Ne5 22. Nxe6 fxe6 23. Be2 Rd7 24. Qa1 Nc6 25. Rfc1 Bb6 26. R5c2 d4 27. Rd1 e5
28. Bc4+ Kh8 29. e4 Rf8 30. Rd3 Qg6 31. Qe1 Nd8 32. Bc1 Nf7 33. Bxf7 Rdxf7 34.
Kg2 h6 35. f3 Qe6 36. f4 Rc8 37. Rxc8+ Qxc8 38. fxe5 Qc2+ 39. Qd2 Rc7 40. Bb2
Qb1 41. Kh3 Qf1+ 42. Kg4 Rf7 43. h4 Rf2 44. Qd1 Qxd1+ 45. Rxd1 Rxb2 46. e6 Kg8
47. Rf1 Re2 48. Rf7 d3 49. Rd7 Rxe4+ 50. Kf5 Rd4 51. Rxb7 d2 52. Rb8+ Rd8 0-1

[Event "Aut_2.Bundesliga_Ost_2004/05"]
[Site "?"]
[Date "2005.02.26"]
[Round "8.5"]
[White "Staudner, Oliver"]
[Black "Kummer, Helmut"]
[Result "1-0"]
[WhiteElo "2392"]
[BlackElo "2350"]
[PlyCount "59"]
[EventDate "2004.10.09"]

1. e4 e5 2. Nf3 Nf6 3. Nxe5 d6 4. Nf3 Nxe4 5. Nc3 Nxc3 6. dxc3 Nc6 7. Bf4 Be7
8. Qd2 Bg4 9. Be2 Qd7 10. h3 Bh5 11. O-O-O O-O-O 12. Rhe1 h6 13. g4 Bg6 14. Bb5
Bf6 15. Nd4 Bxd4 16. cxd4 d5 17. Re3 Kb8 18. Bxc6 Qxc6 19. Rc3 Qa4 20. Bxc7+
Ka8 21. Bxd8 Rxd8 22. Kb1 a6 23. Re1 Ka7 24. Rc7 Rd6 25. b3 Rb6 26. Kb2 Be4 27.
Qc3 Qb5 28. f3 Bg6 29. Ree7 a5 30. Rc5 1-0

[Event "Aut_2.Bundesliga_Ost_2004/05"]
[Site "?"]
[Date "2005.02.26"]
[Round "8.5"]
[White "Rudolf, Herbert"]
[Black "Poecksteiner, Johann"]
[Result "1/2-1/2"]
[WhiteElo "2225"]
[BlackElo "2197"]
[PlyCount "53"]
[EventDate "2004.10.09"]

1. Nf3 c5 2. g3 b6 3. Bg2 Bb7 4. O-O Nf6 5. d3 d5 6. Nbd2 e6 7. e4 dxe4 8. dxe4
Nxe4 9. Ne5 Nd6 10. Bxb7 Nxb7 11. Nxf7 Kxf7 12. Qf3+ Kg6 13. Qe4+ Kf6 14. Qf3+
Kg6 15. Qe4+ Kf6 16. Qh4+ Kf7 17. Qg4 Qd5 18. Ne4 h6 19. Rd1 Qf5 20. Qe2 Be7
21. g4 Qg6 22. Qf3+ Kg8 23. Bf4 Kh7 24. Nxc5 Nxc5 25. Qxa8 Qxg4+ 26. Bg3 Qa4
27. Bxb8 1/2-1/2

[Event "Aut_2.Bundesliga_Ost_2004/05"]
[Site "?"]
[Date "2005.02.26"]
[Round "8.5"]
[White "Rogetzer, Klaus"]
[Black "Kremsner, Andreas"]
[Result "1-0"]
[WhiteElo "2124"]
[BlackElo "2207"]
[PlyCount "75"]
[EventDate "2004.10.09"]

1. d4 Nf6 2. c4 g6 3. Nc3 Bg7 4. e4 d6 5. f3 O-O 6. Bg5 Nbd7 7. Nh3 c6 8. Qd2
a6 9. Be2 b5 10. Nf2 Nb6 11. b3 Nfd7 12. Bh6 bxc4 13. bxc4 c5 14. Bxg7 Kxg7 15.
O-O Qc7 16. a4 a5 17. Nb5 Qd8 18. dxc5 Nxc5 19. e5 dxe5 20. Qe3 Nbd7 21. Ng4 f6
22. Qh6+ Kg8 23. f4 exf4 24. Bf3 Rb8 25. Qxf4 Bb7 26. Nh6+ Kg7 27. Bxb7 Rxb7
28. Ra3 e5 29. Qd2 Ne4 30. Qd5 Qb6+ 31. Kh1 Nf2+ 32. Rxf2 Qxf2 33. h3 Qb6 34.
Nd6 Rc7 35. Nhf5+ gxf5 36. Rg3+ Kh6 37. Nxf5+ Kh5 38. Qf3# 1-0

[Event "Aut_2.Bundesliga_Ost_2004/05"]
[Site "?"]
[Date "2005.02.26"]
[Round "8.6"]
[White "Polak, Thomas"]
[Black "Volkmann, Friedrich Karl"]
[Result "1-0"]
[WhiteElo "2466"]
[BlackElo "2454"]
[PlyCount "75"]
[EventDate "2004.10.09"]

1. d4 d5 2. c4 c6 3. Nf3 Nf6 4. e3 g6 5. Nc3 Bg7 6. Bd3 O-O 7. O-O Bg4 8. h3
Bxf3 9. Qxf3 e6 10. Rd1 Nbd7 11. Bf1 Re8 12. Bd2 dxc4 13. Bxc4 e5 14. Bb3 exd4
15. exd4 Nb6 16. Bg5 Qd6 17. Bf4 Qd7 18. Be5 Qf5 19. Qxf5 gxf5 20. Rd3 Nbd7 21.
f4 Rad8 22. Rad1 Ne4 23. g4 Nxe5 24. fxe5 Nxc3 25. bxc3 fxg4 26. hxg4 Re7 27.
g5 c5 28. Rf3 cxd4 29. cxd4 Red7 30. Rdf1 Rxd4 31. Rxf7 Rg4+ 32. Kh1 Kh8 33. e6
Rxg5 34. e7 Rg8 35. R7f3 Rh5+ 36. Kg2 Rg5+ 37. Kh3 Rh5+ 38. Kg4 1-0

[Event "Aut_2.Bundesliga_Ost_2004/05"]
[Site "?"]
[Date "2005.02.26"]
[Round "8.6"]
[White "Lukacs, Peter"]
[Black "Chytilek, Roman"]
[Result "1/2-1/2"]
[WhiteElo "2412"]
[BlackElo "2424"]
[PlyCount "45"]
[EventDate "2004.10.09"]

1. d4 Nf6 2. c4 c5 3. d5 b5 4. cxb5 a6 5. bxa6 g6 6. Nc3 Bxa6 7. e4 Bxf1 8.
Kxf1 d6 9. Nf3 Bg7 10. g3 Nbd7 11. Kg2 O-O 12. Re1 Qa5 13. h3 Ra7 14. Bd2 Rb7
15. Rb1 Rfb8 16. Qc2 Qa6 17. b3 Ne8 18. Na4 c4 19. Bc3 cxb3 20. axb3 Rc8 21.
Qd2 Bxc3 22. Nxc3 Nc5 23. Re3 1/2-1/2

[Event "Aut_2.Bundesliga_Ost_2004/05"]
[Site "?"]
[Date "2005.02.26"]
[Round "8.6"]
[White "Groetz, Harald"]
[Black "Schroll, Gerhard"]
[Result "1/2-1/2"]
[WhiteElo "2299"]
[BlackElo "2364"]
[PlyCount "48"]
[EventDate "2004.10.09"]

1. e4 d5 2. exd5 Qxd5 3. d4 e5 4. dxe5 Qxe5+ 5. Qe2 Qxe2+ 6. Bxe2 Bf5 7. c3 Nc6
8. Nf3 Bc5 9. O-O O-O-O 10. Nbd2 Nf6 11. Nc4 Rhe8 12. Be3 Ne4 13. Rfe1 h6 14.
h3 a6 15. Bf1 b5 16. Bxc5 Nxc5 17. Rxe8 Rxe8 18. Ne3 Bd3 19. Rd1 Bxf1 20. Kxf1
Na4 21. Rd2 Rd8 22. Nd1 Rxd2 23. Nxd2 Ne5 24. Ke2 Kd7 1/2-1/2

[Event "Aut_2.Bundesliga_Ost_2004/05"]
[Site "?"]
[Date "2005.02.26"]
[Round "8.6"]
[White "Wiedner, Robert"]
[Black "Hangweyrer, Manfred"]
[Result "1/2-1/2"]
[WhiteElo "2216"]
[BlackElo "2347"]
[PlyCount "76"]
[EventDate "2004.10.09"]

1. d4 d5 2. Bf4 Nf6 3. e3 c6 4. c3 Bf5 5. Nd2 e6 6. Ngf3 h6 7. h3 Nbd7 8. Be2
Be7 9. Ne5 Nxe5 10. Bxe5 Bd6 11. Nf3 Bxe5 12. Nxe5 Nd7 13. Nxd7 Qxd7 14. Bd3 a5
15. Qc2 a4 16. Bxf5 exf5 17. g3 O-O 18. h4 Rfe8 19. h5 Re4 20. Qe2 b5 21. Kf1
Rae8 22. Qf3 Rb8 23. a3 Rbe8 24. Kg2 Rg4 25. Rae1 Qe6 26. Qd1 Re4 27. Ref1 Qf6
28. Qf3 Qg5 29. Rh2 Rg4 30. Rfh1 Ree4 31. Kf1 Re6 32. Rh4 Ree4 33. R4h2 Re6 34.
Rh4 Rxh4 35. Rxh4 Re4 36. Rh1 Kf8 37. Ke2 Ke7 38. Kd2 Kf6 1/2-1/2

[Event "Aut_2.Bundesliga_Ost_2004/05"]
[Site "?"]
[Date "2005.02.26"]
[Round "8.6"]
[White "Wolfram, Bernd"]
[Black "Todor, Razvan"]
[Result "1/2-1/2"]
[WhiteElo "2199"]
[BlackElo "2158"]
[PlyCount "43"]
[EventDate "2004.10.09"]

1. g3 c5 2. Bg2 Nc6 3. b3 Nf6 4. Bb2 e6 5. Nf3 Be7 6. O-O O-O 7. d4 d5 8. e3 b6
9. Ne5 Bb7 10. c4 Qc7 11. Nc3 Rad8 12. cxd5 Nxe5 13. Nb5 Qc8 14. dxe5 Nxd5 15.
Qg4 Nb4 16. Bxb7 Qxb7 17. Rfd1 a6 18. Nd6 Bxd6 19. exd6 f5 20. Qg5 Nd5 21. Be5
Qf7 22. Rd2 1/2-1/2

[Event "Aut_2.Bundesliga_Ost_2004/05"]
[Site "?"]
[Date "2005.02.26"]
[Round "8.6"]
[White "Kopinits, Anna-Christina"]
[Black "Sadilek, Maximilian"]
[Result "1-0"]
[WhiteElo "2114"]
[BlackElo "2152"]
[PlyCount "109"]
[EventDate "2004.10.09"]

1. e4 e6 2. d3 d5 3. Nd2 c5 4. Ngf3 Nc6 5. g3 Bd6 6. Bg2 Nge7 7. O-O O-O 8. Re1
Qc7 9. c3 d4 10. a4 e5 11. Nc4 Be6 12. Nfd2 Rfd8 13. Qe2 Ng6 14. Bf3 Be7 15.
Bg4 Bxg4 16. Qxg4 dxc3 17. bxc3 Rxd3 18. Ne3 Rdd8 19. Nd5 Qd7 20. Qe2 Bg5 21.
Rd1 Nce7 22. Nb3 Bxc1 23. Nf6+ gxf6 24. Rxd7 Rxd7 25. Rxc1 b6 26. Rd1 Rad8 27.
Rxd7 Rxd7 28. a5 Kg7 29. axb6 axb6 30. Qa6 Rd1+ 31. Kg2 Rb1 32. Qa2 Rd1 33. Nd2
f5 34. exf5 Nf8 35. Qc2 Ra1 36. Qe4 f6 37. Qb7 Kf7 38. Nc4 Rd1 39. Nxb6 Rd8 40.
c4 Ke8 41. g4 Nd7 42. Nxd7 Rxd7 43. Qb5 h6 44. Qxc5 Rd4 45. h3 Kf7 46. Qb5 h5
47. f3 h4 48. Kf2 Rd2+ 49. Ke3 Rd4 50. Qa6 Ke8 51. Qe6 Kd8 52. Qxf6 Rxc4 53.
Qd6+ Ke8 54. f6 Nc6 55. Qe6+ 1-0

[Event "Aut_2.Bundesliga_Ost_2004/05"]
[Site "?"]
[Date "2005.02.27"]
[Round "9.1"]
[White "Volkmann, Friedrich Karl"]
[Black "Schlosser, Michael"]
[Result "1/2-1/2"]
[WhiteElo "2454"]
[BlackElo "2364"]
[PlyCount "27"]
[EventDate "2004.10.09"]

1. e4 c5 2. Nf3 e6 3. b3 Nc6 4. Bb2 a6 5. g3 d5 6. exd5 exd5 7. Qe2+ Qe7 8. Nc3
Bg4 9. Bg2 Nb4 10. O-O Nxc2 11. Rac1 Nb4 12. Qxe7+ Nxe7 13. Ne5 Be6 14. a3
1/2-1/2

[Event "Aut_2.Bundesliga_Ost_2004/05"]
[Site "?"]
[Date "2005.02.27"]
[Round "9.1"]
[White "Hodysh, Yuriy"]
[Black "Lukacs, Peter"]
[Result "1/2-1/2"]
[WhiteElo "2166"]
[BlackElo "2412"]
[PlyCount "62"]
[EventDate "2004.10.09"]

1. d4 Nf6 2. c4 e6 3. Nc3 Bb4 4. e3 O-O 5. Bd3 d5 6. a3 Bxc3+ 7. bxc3 dxc4 8.
Bxc4 c5 9. Ne2 Nc6 10. f3 e5 11. Bb2 e4 12. O-O Na5 13. Ba2 Be6 14. Bxe6 fxe6
15. Nf4 Qb6 16. Qe2 Qc6 17. fxe4 Qxe4 18. Rf3 Rac8 19. Nd3 cxd4 20. cxd4 b6 21.
Rf4 Qd5 22. Raf1 Qb3 23. Ne1 Nc4 24. Bc1 Nd6 25. Nd3 Qc2 26. R4f2 Qxe2 27. Rxe2
Rc3 28. Nf4 Rfc8 29. Bb2 Rc2 30. Rxc2 Rxc2 31. Rf2 Rxf2 1/2-1/2

[Event "Aut_2.Bundesliga_Ost_2004/05"]
[Site "?"]
[Date "2005.02.27"]
[Round "9.1"]
[White "Schroll, Gerhard"]
[Black "Pachta, Paul"]
[Result "1/2-1/2"]
[WhiteElo "2364"]
[BlackElo "2159"]
[PlyCount "49"]
[EventDate "2004.10.09"]

1. d4 Nf6 2. c4 g6 3. Nc3 Bg7 4. e4 d6 5. Be2 O-O 6. Bg5 Na6 7. f4 c5 8. d5 Nc7
9. Nf3 Rb8 10. Qd2 Bd7 11. a4 Na6 12. O-O Nb4 13. e5 Ne8 14. Ne4 Bf5 15. Ng3
Bg4 16. exd6 Nxd6 17. Rae1 f6 18. Bh4 a6 19. b3 Bd7 20. Bd1 b5 21. Ne4 Nxe4 22.
Rxe4 Bf5 23. Re3 bxa4 24. bxa4 Bh6 25. Ne1 1/2-1/2

[Event "Aut_2.Bundesliga_Ost_2004/05"]
[Site "?"]
[Date "2005.02.27"]
[Round "9.1"]
[White "Vitouch, Anatol"]
[Black "Wiedner, Robert"]
[Result "0-1"]
[WhiteElo "2185"]
[BlackElo "2216"]
[PlyCount "124"]
[EventDate "2004.10.09"]

1. Nf3 Nf6 2. c4 e6 3. g3 d5 4. b3 Be7 5. Bg2 Ne4 6. Bb2 Bf6 7. d4 O-O 8. Nbd2
Nxd2 9. Qxd2 Nd7 10. O-O c6 11. Ne1 Bg5 12. f4 Be7 13. Nd3 f5 14. a4 Bf6 15. e3
Rf7 16. Ba3 Nf8 17. Bxf8 Qxf8 18. Ne5 Re7 19. c5 Bd7 20. b4 Be8 21. Bf3 a6 22.
Be2 g5 23. Kh1 Qh6 24. Qd1 Bxe5 25. dxe5 gxf4 26. gxf4 Rc8 27. Rg1+ Bg6 28. Rg5
Rg7 29. Qg1 Rcc7 30. Qg3 Be8 31. Rg1 Rxg5 32. fxg5 Qf8 33. Qf4 a5 34. h4 axb4
35. Qxb4 Rg7 36. h5 Qe7 37. Qf4 Qxc5 38. Kg2 Qc2 39. Kf1 b5 40. axb5 cxb5 41.
Qb4 Qc7 42. Qf4 Qc3 43. g6 hxg6 44. hxg6 b4 45. Qh6 Qa1+ 46. Kf2 Qxe5 47. Rh1
Rxg6 48. Qh4 f4 49. exf4 Qd4+ 50. Kf1 b3 51. f5 Qxh4 52. Rxh4 Rf6 53. Bd3 e5
54. Rb4 e4 55. Be2 Rxf5+ 56. Ke1 Bh5 57. Bb5 Rf3 58. Ba4 Re3+ 59. Kd2 Rd3+ 60.
Ke1 Bd1 61. Bc6 e3 62. Rb5 Bf3 0-1

[Event "Aut_2.Bundesliga_Ost_2004/05"]
[Site "?"]
[Date "2005.02.27"]
[Round "9.1"]
[White "Todor, Razvan"]
[Black "Wirius, Johannes"]
[Result "1-0"]
[WhiteElo "2158"]
[BlackElo "2182"]
[PlyCount "91"]
[EventDate "2004.10.09"]

1. c4 e5 2. g3 g6 3. Bg2 Bg7 4. Nc3 Ne7 5. d3 O-O 6. e4 Nbc6 7. Nge2 d6 8. Nd5
Nxd5 9. cxd5 Ne7 10. Bg5 c5 11. Qd2 Bd7 12. O-O a5 13. f3 a4 14. g4 f6 15. Be3
Qa5 16. Nc3 Ra6 17. h4 b5 18. Rf2 b4 19. Ne2 Rb8 20. Ng3 Bb5 21. Bh3 Bd7 22.
Kh2 Rf8 23. Rg2 Qd8 24. Rag1 Rf7 25. f4 Kh8 26. f5 Ra8 27. Kh1 Rc8 28. Rh2 c4
29. dxc4 b3 30. axb3 axb3 31. Bf1 Rb8 32. Bd3 Ng8 33. g5 gxf5 34. Nxf5 Bf8 35.
g6 hxg6 36. Rxg6 Ne7 37. Nxd6 Rh7 38. Rxf6 Nxd5 39. Nf7+ Rxf7 40. Rxf7 Nxe3 41.
Qxe3 Be6 42. Rf1 Kh7 43. Qg3 Bh6 44. Rg2 Qe8 45. Rf6 Rb7 46. Qxe5 1-0